Emerging Technology and Architecture for Big-data Analytics (Запис № 447457)
[ простий вигляд ]
| 000 -LEADER | |
|---|---|
| fixed length control field | 05331nam a22006015i 4500 |
| 001 - CONTROL NUMBER | |
| control field | 978-3-319-54840-1 |
| 003 - CONTROL NUMBER IDENTIFIER | |
| control field | DE-He213 |
| 005 - DATE AND TIME OF LATEST TRANSACTION | |
| control field | 20210118130555.0 |
| 007 - PHYSICAL DESCRIPTION FIXED FIELD--GENERAL INFORMATION | |
| fixed length control field | cr nn 008mamaa |
| 008 - FIXED-LENGTH DATA ELEMENTS--GENERAL INFORMATION | |
| fixed length control field | 170420s2017 gw | s |||| 0|eng d |
| 020 ## - INTERNATIONAL STANDARD BOOK NUMBER | |
| International Standard Book Number | 9783319548401 |
| -- | 978-3-319-54840-1 |
| 024 7# - OTHER STANDARD IDENTIFIER | |
| Standard number or code | 10.1007/978-3-319-54840-1 |
| Source of number or code | doi |
| 050 #4 - LIBRARY OF CONGRESS CALL NUMBER | |
| Classification number | TK7888.4 |
| 072 #7 - SUBJECT CATEGORY CODE | |
| Subject category code | TJFC |
| Source | bicssc |
| 072 #7 - SUBJECT CATEGORY CODE | |
| Subject category code | TEC008010 |
| Source | bisacsh |
| 072 #7 - SUBJECT CATEGORY CODE | |
| Subject category code | TJFC |
| Source | thema |
| 082 04 - DEWEY DECIMAL CLASSIFICATION NUMBER | |
| Classification number | 621.3815 |
| Edition number | 23 |
| 245 10 - TITLE STATEMENT | |
| Title | Emerging Technology and Architecture for Big-data Analytics |
| Medium | [electronic resource] / |
| Statement of responsibility, etc | edited by Anupam Chattopadhyay, Chip Hong Chang, Hao Yu. |
| 250 ## - EDITION STATEMENT | |
| Edition statement | 1st ed. 2017. |
| 264 #1 - | |
| -- | Cham : |
| -- | Springer International Publishing : |
| -- | Imprint: Springer, |
| -- | 2017. |
| 300 ## - PHYSICAL DESCRIPTION | |
| Extent | XI, 330 p. 162 illus., 98 illus. in color. |
| Other physical details | online resource. |
| 336 ## - | |
| -- | text |
| -- | txt |
| -- | rdacontent |
| 337 ## - | |
| -- | computer |
| -- | c |
| -- | rdamedia |
| 338 ## - | |
| -- | online resource |
| -- | cr |
| -- | rdacarrier |
| 347 ## - | |
| -- | text file |
| -- | |
| -- | rda |
| 505 0# - FORMATTED CONTENTS NOTE | |
| Formatted contents note | Part I State-of-the-Art Architectures and Automation for Data-analytics -- Chapter 1. Scaling the Java Virtual Machine on a Many-core System -- Chapter 2.Scaling the Java Virtual Machine on a Many-core System -- Chapter 3.Least-squares based Machine Learning Accelerator for Big-data Analytics in Smart Buildings -- Chapter 4.Compute-in-memory Architecture for Data-Intensive Kernels -- Chapter 5. New Solutions for Cross-Layer System-Level and High-Level Synthesis -- Part II New Solutions for Cross-Layer System-Level and High-Level Synthesis -- Chapter 6.Side Channel Attacks and Efficient Countermeasures on Residue Number System Multipliers -- Chapter 7. Ultra-Low-Power Biomedical Circuit Design and Optimization: Catching The Don’t Cares -- Chapter 8.Acceleration of MapReduce Framework on a Multicore Processor -- Chapter 9. Adaptive dynamic range compression for improving envelope-based speech perception: Implications for cochlear implants -- Part III Emerging Technology, Circuits and Systems for Data-analytics -- Chapter 10. Emerging Technology, Circuits and Systems for Data-analytics -- Chapter 11. Energy Efficient Spiking Neural Network Design with RRAM Devices -- Chapter 12. Efficient Neuromorphic Systems and Emerging Technologies - Prospects and Perspectives -- Chapter 13. In-memory Data Compression Using ReRAMs -- Chapter 14. In-memory Data Compression Using ReRAMs -- Chapter 15.Data Analytics in Quantum Paradigm – An Introduction. |
| 520 ## - SUMMARY, ETC. | |
| Summary, etc | This book describes the current state of the art in big-data analytics, from a technology and hardware architecture perspective. The presentation is designed to be accessible to a broad audience, with general knowledge of hardware design and some interest in big-data analytics. Coverage includes emerging technology and devices for data-analytics, circuit design for data-analytics, and architecture and algorithms to support data-analytics. Readers will benefit from the realistic context used by the authors, which demonstrates what works, what doesn’t work, and what are the fundamental problems, solutions, upcoming challenges and opportunities. Provides a single-source reference to hardware architectures for big-data analytics; Covers various levels of big-data analytics hardware design abstraction and flow, from device, to circuits and systems; Demonstrates how non-volatile memory (NVM) based hardware platforms can be a viable solution to existing challenges in hardware architecture for big-data analytics. |
| 506 ## - RESTRICTIONS ON ACCESS NOTE | |
| Terms governing access | Available to subscribing member institutions only. Доступно лише організаціям членам підписки. |
| 506 ## - RESTRICTIONS ON ACCESS NOTE | |
| Standardized terminology for access restriction | Online access from local network of NaUOA. |
| 506 ## - RESTRICTIONS ON ACCESS NOTE | |
| Standardized terminology for access restriction | Online access with authorization at https://link.springer.com/ |
| 506 ## - RESTRICTIONS ON ACCESS NOTE | |
| Standardized terminology for access restriction | Онлайн-доступ з локальної мережі НаУОА. |
| 506 ## - RESTRICTIONS ON ACCESS NOTE | |
| Standardized terminology for access restriction | Онлайн доступ з авторизацією на https://link.springer.com/ |
| 650 #0 - SUBJECT ADDED ENTRY--TOPICAL TERM | |
| Topical term or geographic name as entry element | Electronic circuits. |
| 650 #0 - SUBJECT ADDED ENTRY--TOPICAL TERM | |
| Topical term or geographic name as entry element | Microprocessors. |
| 650 #0 - SUBJECT ADDED ENTRY--TOPICAL TERM | |
| Topical term or geographic name as entry element | Big data. |
| 650 14 - SUBJECT ADDED ENTRY--TOPICAL TERM | |
| Topical term or geographic name as entry element | Circuits and Systems. |
| -- | http://scigraph.springernature.com/things/product-market-codes/T24068 |
| 650 24 - SUBJECT ADDED ENTRY--TOPICAL TERM | |
| Topical term or geographic name as entry element | Processor Architectures. |
| -- | http://scigraph.springernature.com/things/product-market-codes/I13014 |
| 650 24 - SUBJECT ADDED ENTRY--TOPICAL TERM | |
| Topical term or geographic name as entry element | Electronic Circuits and Devices. |
| -- | http://scigraph.springernature.com/things/product-market-codes/P31010 |
| 650 24 - SUBJECT ADDED ENTRY--TOPICAL TERM | |
| Topical term or geographic name as entry element | Big Data/Analytics. |
| -- | http://scigraph.springernature.com/things/product-market-codes/522070 |
| 700 1# - ADDED ENTRY--PERSONAL NAME | |
| Personal name | Chattopadhyay, Anupam. |
| Relator term | editor. |
| -- | (orcid)0000-0002-8818-6983 |
| -- | https://orcid.org/0000-0002-8818-6983 |
| Relator code | edt |
| -- | http://id.loc.gov/vocabulary/relators/edt |
| 700 1# - ADDED ENTRY--PERSONAL NAME | |
| Personal name | Chang, Chip Hong. |
| Relator term | editor. |
| Relator code | edt |
| -- | http://id.loc.gov/vocabulary/relators/edt |
| 700 1# - ADDED ENTRY--PERSONAL NAME | |
| Personal name | Yu, Hao. |
| Relator term | editor. |
| Relator code | edt |
| -- | http://id.loc.gov/vocabulary/relators/edt |
| 710 2# - ADDED ENTRY--CORPORATE NAME | |
| Corporate name or jurisdiction name as entry element | SpringerLink (Online service) |
| 773 0# - HOST ITEM ENTRY | |
| Title | Springer eBooks |
| 776 08 - ADDITIONAL PHYSICAL FORM ENTRY | |
| Display text | Printed edition: |
| International Standard Book Number | 9783319548395 |
| 776 08 - ADDITIONAL PHYSICAL FORM ENTRY | |
| Display text | Printed edition: |
| International Standard Book Number | 9783319548418 |
| 776 08 - ADDITIONAL PHYSICAL FORM ENTRY | |
| Display text | Printed edition: |
| International Standard Book Number | 9783319854977 |
| 856 40 - ELECTRONIC LOCATION AND ACCESS | |
| Uniform Resource Identifier | <a href="https://doi.org/10.1007/978-3-319-54840-1">https://doi.org/10.1007/978-3-319-54840-1</a> |
| 912 ## - | |
| -- | ZDB-2-ENG |
| 942 ## - ADDED ENTRY ELEMENTS (KOHA) | |
| Koha item type | ЕКнига |
Немає доступних примірників.